000 00503nam a2200169 i 4500
001 20874
003 ES-MaACL
005 20230906152359.0
007 t|
008 021119s1971 sp ||||1| spa d
100 1 _aAdorno, Theodor W.
_918468
245 1 3 _aLa ideología como lenguaje /
_cTheodor W. Adorno ; versión de Justo Pérez Corral.
260 _a[Madrid] :
_bTaurus,
_c[1971]
300 _a204 p. ;
_c21 cm.
700 1 _aPérez Corral, Justo.
_990743
852 _aES-MaACL
_jC-42392
_bR.79567
999 _c20874
_d20874